LIBRARY & INFORMATION CENTRE, KCAET, TAVANUR

ONLINE PUBLIC ACCESS CATALOGUE (OPAC)

Specification for non-pressure asbestos cement pipes and fittings for sewerage and drainage (Record no. 10362)

MARC details
000 -LEADER
fixed length control field 00666cam a2200157ua 4500
041 ## - LANGUAGE CODE
Language code of text/sound track or separate title eng
082 ## - DEWEY DECIMAL CLASSIFICATION NUMBER
Classification number 628.245
Item number BUR/SP
245 ## - TITLE STATEMENT
Title Specification for non-pressure asbestos cement pipes and fittings for sewerage and drainage
250 ## - EDITION STATEMENT
Edition statement 1 /
260 ## - PUBLICATION, DISTRIBUTION, ETC. (IMPRINT)
Place of publication :
Name of publisher Bureau of Indian standards ,
Year of publication 1989.
300 ## - PHYSICAL DESCRIPTION
Number of Pages 16 ; .
942 ## - ADDED ENTRY ELEMENTS (KOHA)
Koha item type Books
Holdings
Withdrawn status Lost status Damaged status Home library Current library Date acquired Full call number Accession Number Koha item type
      KAUAET KAUAET 07/04/2012 628.245 17261 Standards
free website counter